000 00295nam a22001337a 4500
008 181017b xxu||||| |||| 00| 0 eng d
020 _a0153593725
041 _aeng
080 _a510
100 _a37
101 _aMAT
245 _aTrigometry hBJ Mathematics
_cArthur.F.C
942 _2udc
_cBK
999 _c50001
_d50001